London District Properties Management Ltd and others v Goolamy and another (Record no. 81678)

MARC details
000 -LEADER
fixed length control field 01695cad a22002055a 4500
001 - CONTROL NUMBER
control field L147932
008 - FIXED-LENGTH DATA ELEMENTS--GENERAL INFORMATION
fixed length control field 090702e20090616xxk f v 000 0 eng d
035 ## - SYSTEM CONTROL NUMBER
System control number (Sirsi) u147932
041 0# - LANGUAGE CODE
Language code of text/sound track or separate title eng
245 00 - TITLE STATEMENT
Title London District Properties Management Ltd and others v Goolamy and another
Medium [electronic resource]
260 ## - PUBLICATION, DISTRIBUTION, ETC.
Date of publication, distribution, etc. 2009
520 ## - SUMMARY, ETC.
Summary, etc. [2009] EWHC 1367 (Admin), 16 June 2009. The case relates to rent increase procedure under a statutory periodic tenancy. Mr and Mrs Goolamy (G) had a tenancy agreement which included a rent review clause allowing an annual increase of the rent by 5%. The landlords, London District Properties Management Ltd (L), decided to increase the rent to a much higher level under the Housing Act 1988 S13. The Rent Assessment Committee decided that they had no authority to review the rent as the clause in the tenancy agreement continued under the Housing Act 1988 S5. L appealed to the High Court. "Held": Appeal allowed. S13 mentions two different types of periodic tenancies: statutory periodic tenancies and all other periodic tenancies. S13 should apply with statutory periodic tenancies. The contractual rent increase procedure should apply with the other periodic tenancies. This case dealt with a statutory periodic tenancy, therefore L could take benefit of the Housing Act 1988 S13.
590 ## - LOCAL NOTE (RLIN)
Local note KA
650 24 - SUBJECT ADDED ENTRY--TOPICAL TERM
Topical term or geographic name entry element LONDON DISTRICT PROPERTIES MANAGEMENT LTD V GOOLAMY
650 24 - SUBJECT ADDED ENTRY--TOPICAL TERM
Topical term or geographic name entry element HOUSING ACT 1988
651 #4 - SUBJECT ADDED ENTRY--GEOGRAPHIC NAME
Geographic name England and Wales
Chronological subdivision 1543-
690 ## - LOCAL SUBJECT ADDED ENTRY--TOPICAL TERM (OCLC, RLIN)
Topical term or geographic name as entry element PROPERTY-LANDLORD AND TENANT-TENANCIES-TENANCY RENT REVIEW
856 40 - ELECTRONIC LOCATION AND ACCESS
Uniform Resource Identifier <a href="https://www.bailii.org/ew/cases/EWHC/Admin/2009/1367.html">https://www.bailii.org/ew/cases/EWHC/Admin/2009/1367.html</a>
Public note View the case free of charge at www.bailli.org...
942 ## - ADDED ENTRY ELEMENTS (KOHA)
Suppress in OPAC 0
Holdings
Withdrawn status Lost status Source of classification or shelving scheme Damaged status Not for loan Home library Current library Shelving location Date acquired Total Checkouts Full call number Barcode Date last seen Copy number Price effective from Koha item type
    Dewey Decimal Classification     Virtual Virtual Online 02/07/2009   ONLINE JUDGMENT 147932-2001 06/08/2019 1 06/08/2019 Law report